LEADER 00825nam0-22003131i-450- 001 990003278910403321 005 20131021121132.0 035 $a000327891 035 $aFED01000327891 035 $a(Aleph)000327891FED01 035 $a000327891 100 $a20030910d1971----km-y0itay50------ba 101 0 $aita 105 $ay-------001yy 200 1 $a<>AFRIQUE DE L'OUEST BLOQUEE 210 $aParis$cLes Editions de Minuit$d1971 215 $app. 322 610 0 $aAfrica Generale 676 $a136.001 700 1$aAmin,$bSamir$f<1931- >$088720 801 0$aIT$bUNINA$gRICA$2UNIMARC 901 $aBK 912 $a990003278910403321 952 $a136.001.AMI$b1074$fDECGE 952 $aISVE N04.53$fDECTS 959 $aDECGE 959 $aDECTS 996 $aAFRIQUE DE L'OUEST BLOQUEE$9451288 997 $aUNINA LEADER 00955nam0-22003131i-450- 001 990003170330403321 035 $a000317033 035 $aFED01000317033 035 $a(Aleph)000317033FED01 035 $a000317033 100 $a20000920d1988----km-y0itay50------ba 101 0 $aeng 102 $aIT 200 1 $aProperty Rights and the Nature of the Firm$fOliver Hart and John Moore. 210 $aLondon$cLondon School of Economics and Political Science$d1988. 215 $a46 p. + app.$d20 cm 225 1 $aTheoretical Economics$fSuntory Toyota International Centre for Economics and Related Disciplines 676 $aF/3.14 676 $aG/3.340 702 1$aHart,$bOliver 702 1$aMoore,$bJohn 801 0$aIT$bUNINA$gRICA$2UNIMARC 901 $aBK 912 $a990003170330403321 952 $aA/71 SUN$b6648$fSES 959 $aSES 996 $aProperty Rights and the Nature of the Firm$9457857 997 $aUNINA DB $aING01